Nghiên cứu cơ sở khoa học - Đề xuất mô hình du lịch bền vững ở bờ bắc sông Thạch Hãn, thị xã Quảng Trị
Tổng quan tài liệu. Đối tượng và phương pháp nghiên cứu. Kết quả và biện luận
Tallennettuna:
| Päätekijä: | |
|---|---|
| Muut tekijät: | |
| Aineistotyyppi: | Kirja |
| Kieli: | Vietnamese |
| Julkaistu: |
Đại học Đà Nẵng
Trường đại học Sư Phạm
2011
|
| Sarja: | Khóa luận tốt nghiệp Đại học. Chuyên ngành: Cử nhân Sinh môi trường
|
| Aiheet: | |
| Tagit: |
Lisää tagi
Ei tageja, Lisää ensimmäinen tagi!
|
| Thư viện lưu trữ: | Mạng thư viện Đại học Đà Nẵng |
|---|
| LEADER | 01573nam a2200349 4500 | ||
|---|---|---|---|
| 001 | 000011417 | ||
| 003 | 7664 | ||
| 005 | 20120204090218.0 | ||
| 008 | 120204s2011 viesd | ||
| 041 | |a vie | ||
| 072 | |a Khóa luận tốt nghiệp | ||
| 082 | |a 910.45 |b TR-K | ||
| 100 | |a Trần, Thị Kim Khánh | ||
| 245 | |a Nghiên cứu cơ sở khoa học - Đề xuất mô hình du lịch bền vững ở bờ bắc sông Thạch Hãn, thị xã Quảng Trị |c Trần, Thị Kim Khánh | ||
| 260 | |a Đại học Đà Nẵng |b Trường đại học Sư Phạm |c 2011 | ||
| 300 | |a 45 tr. |b Bản đồ, biẻu đồ + hình mhọa |c 29 cm |e đĩa CD | ||
| 490 | |a Khóa luận tốt nghiệp Đại học. Chuyên ngành: Cử nhân Sinh môi trường | ||
| 500 | |a Tham khảo + phụ lục hình ảnh mhọa [11 tr.] | ||
| 520 | |a Tổng quan tài liệu. Đối tượng và phương pháp nghiên cứu. Kết quả và biện luận | ||
| 653 | |a Khóa luận tốt nghiệp đại học | ||
| 653 | |a Khoa Sinh - Môi Trường | ||
| 700 | |a Võ, Văn Minh |c TS |e Hướng dẫn | ||
| OWN | |a LSP | ||
| AVA | |a UDN50 |b LSP |d 910.45 TR-K |e available |t Error 5001 Not defined in file expand_doc_bib_avail. |f 1 |g 0 |h N |i 0 |k 1 | ||
| 999 | |a From the UDN01 | ||
| AVA | |a UDN50 |b LSP |d 910.45 TR-K |e available |t Error 5001 Not defined in file expand_doc_bib_avail. |f 1 |g 0 |h N |i 0 |k 1 | ||
| TYP | |a Monograph | ||
| TYP | |a Printed language | ||
| 980 | |a Mạng thư viện Đại học Đà Nẵng | ||